000
00311nam a22001337a 4500
008
180905b xxu||||| |||| 00| 0 eng d
020
_a
978113957799
041
_a
eng
080
_2
3 ED
_a
159.9
100
_a
48
101
_a
PSI
245
_a
Social Psychology Human Nature
_c
Bushman.B.J
942
_2
udc
_c
BK
999
_c
47551
_d
47551